Islam from Baghdad to Cordoba (Record no. 8213)

MARC details
000 -LEADER
fixed length control field 00401nam a2200157Ia 4500
008 - FIXED-LENGTH DATA ELEMENTS--GENERAL INFORMATION
fixed length control field 230312s9999||||xx |||||||||||||| ||und||
020 ## - INTERNATIONAL STANDARD BOOK NUMBER
International Standard Book Number 3-8365-1059-2
082 ## - DEWEY DECIMAL CLASSIFICATION NUMBER
Classification number 720.917
Item number STI-I
100 ## - MAIN ENTRY--PERSONAL NAME
Personal name Stierlin;Henri
245 #0 - TITLE STATEMENT
Title Islam from Baghdad to Cordoba
260 ## - PUBLICATION, DISTRIBUTION, ETC.
Name of publisher, distributor, etc. Taschen
Place of publication, distribution, etc. China
Date of publication, distribution, etc. 2009
300 ## - PHYSICAL DESCRIPTION
Extent 224
546 ## - LANGUAGE NOTE
Language note Eng.
650 ## - SUBJECT ADDED ENTRY--TOPICAL TERM
Topical term or geographic name entry element Architecture
Form subdivision Islam from Baghdad to Cordoba
942 ## - ADDED ENTRY ELEMENTS (KOHA)
Koha item type BOOK
Holdings
Withdrawn status Lost status Damaged status Not for loan Home library Current library Date acquired Total Checkouts Full call number Barcode Date last seen Price effective from Koha item type
        Superior Information Resource Center (SIRC) Superior University- Central Library Superior Information Resource Center (SIRC) Superior University- Central Library 03/13/2023   720.917 STI-I 8321 03/13/2023 03/13/2023 BOOK

Powered by Koha